|
|
|
|
| LEADER |
03215nam a22004213i 4500 |
| 001 |
EBC6875089 |
| 003 |
MiAaPQ |
| 005 |
20231204023220.0 |
| 006 |
m o d | |
| 007 |
cr cnu|||||||| |
| 008 |
231204s2022 xx o ||||0 eng d |
| 020 |
|
|
|a 9783319918433
|q (electronic bk.)
|
| 020 |
|
|
|z 9783319918419
|
| 035 |
|
|
|a (MiAaPQ)EBC6875089
|
| 035 |
|
|
|a (Au-PeEL)EBL6875089
|
| 035 |
|
|
|a (OCoLC)1298390424
|
| 040 |
|
|
|a MiAaPQ
|b eng
|e rda
|e pn
|c MiAaPQ
|d MiAaPQ
|
| 050 |
|
4 |
|a QC5.53
|
| 100 |
1 |
|
|a Orchiston, Wayne.
|
| 245 |
1 |
0 |
|a Golden Years of Australian Radio Astronomy :
|b An Illustrated History.
|
| 250 |
|
|
|a 1st ed.
|
| 264 |
|
1 |
|a Cham :
|b Springer International Publishing AG,
|c 2022.
|
| 264 |
|
4 |
|c ©2021.
|
| 300 |
|
|
|a 1 online resource (281 pages)
|
| 336 |
|
|
|a text
|b txt
|2 rdacontent
|
| 337 |
|
|
|a computer
|b c
|2 rdamedia
|
| 338 |
|
|
|a online resource
|b cr
|2 rdacarrier
|
| 490 |
1 |
|
|a Historical and Cultural Astronomy Series
|
| 505 |
0 |
|
|a Intro -- Foreword -- Preface -- Contents -- Chapter 1: From Radar to Radio Astronomy -- References -- Chapter 2: Frontier Life at the Field Stations -- 2.1 Introduction -- 2.2 Dover Heights -- 2.3 Georges Heights -- 2.4 Hornsby Valley -- 2.5 Bankstown Aerodrome -- 2.6 Potts Hill -- 2.7 Penrith -- 2.8 Dapto -- 2.9 Badgery's Creek -- 2.10 Fleurs -- 2.11 Murraybank -- References -- Chapter 3: Exploring the Neighbourhood - the Sun, the Moon and Jupiter -- 3.1 The Sun -- 3.1.1 The first solar observations at Radiophysics -- 3.1.2 Solar eclipses and solar bursts -- 3.1.3 Classifying solar bursts at Penrith and Dapto -- 3.1.4 Studies of the 'quiet Sun' at Potts Hill -- 3.2 The Moon -- 3.3 Jupiter -- References -- Chapter 4: Expanding Horizons - The Milky Way and Beyond -- 4.1 Discovery of the First Discrete Radio Sources -- 4.2 From Dover Heights to Fleurs -- 4.3 Radio Emission from the Galactic Centre -- 4.4 Surveys of the Background Radio Emission -- 4.5 Distribution of Neutral Hydrogen -- 4.6 Radio Emission from Stars -- References -- Chapter 5: Where did it all Lead? -- 5.1 Beyond the Doors of Radiophysics -- 5.2 Big Science comes to Australia -- 5.3 Changing of the Guard -- 5.4 Pulsars - Cosmic Lighthouses at Radio Wavelengths -- 5.5 A Birthday Present for the Nation -- 5.6 A Radio Telescope as Wide as Australia -- 5.7 Simply Astronomical - the Square Kilometre Array -- References -- About the Authors -- Bibliography on Early Australian Radio Astronomy -- Index.
|
| 588 |
|
|
|a Description based on publisher supplied metadata and other sources.
|
| 590 |
|
|
|a Electronic reproduction. Ann Arbor, Michigan : ProQuest Ebook Central, 2023. Available via World Wide Web. Access may be limited to ProQuest Ebook Central affiliated libraries.
|
| 655 |
|
4 |
|a Electronic books.
|
| 700 |
1 |
|
|a Robertson, Peter.
|
| 700 |
1 |
|
|a Sullivan III, Woodruff T.
|
| 776 |
0 |
8 |
|i Print version:
|a Orchiston, Wayne
|t Golden Years of Australian Radio Astronomy
|d Cham : Springer International Publishing AG,c2022
|z 9783319918419
|
| 797 |
2 |
|
|a ProQuest (Firm)
|
| 830 |
|
0 |
|a Historical and Cultural Astronomy Series
|
| 856 |
4 |
0 |
|u https://ebookcentral.proquest.com/lib/matrademy/detail.action?docID=6875089
|z Click to View
|